| 000 | 00811nam a2200229 i 4500 | ||
|---|---|---|---|
| 001 | 130908 | ||
| 003 | ES-MaACL | ||
| 005 | 20240229183436.0 | ||
| 007 | t| | ||
| 008 | 070810s1981 sp a |||| | spa d | ||
| 100 | 1 |
_aZevi, Bruno. _9118219 |
|
| 245 | 1 | 0 |
_aSaber ver la arquitectura _b: ensayo sobre la interpretación espacial de la arquitectura / _cBruno Zevi ; [traducción del italiano, Cino Calcaprina, Jesús Bermejo Goday y María Luisa Martínez Alinari]. |
| 250 | _a4ª ed. | ||
| 260 |
_aBarcelona : _bPoseidón, _c1981. |
||
| 300 |
_a222 p. : _bil. ; _c21 cm. |
||
| 650 | 1 | 4 |
_aArquitectura _99986 |
| 700 | 1 |
_aCalcaprina, Cino. _933566 |
|
| 700 | 1 |
_aBermejo Goday, Jesús. _928106 |
|
| 700 | 1 |
_aMartínez Alinari, María Luisa. _977839 |
|
| 852 |
_aES-MaACL _jL-9131 |
||
| 999 |
_c130908 _d130908 |
||